Statistics for Ray Charles Discography

Click here to take the quiz!

General Stats

  • This quiz has been taken 9 times
  • The average score is 19 of 90

Answer Stats

TypeYearName% Correct
Album1984Friendship
83%
Compilation2009Genius! - The Ultimate Ray Charles Collection
83%
Soundtrack2004Ray
83%
Album1957Ray Charles
83%
Compilation1958Ray Charles
83%
Live Compilation1987Ray Charles Live
67%
Collaborative Album1958Soul Brothers
67%
Album1960The Genius Hits the Road
67%
Album1957The Great Ray Charles
67%
Album1958Yes Indeed!
67%
Album1980Brother Ray Is at It Again
50%
Album1966Crying Time
50%
Album2004Genius Loves Company
50%
Album1961Genius + Soul = Jazz
50%
Album1967Invites You to Listen
50%
Album1962Modern Sounds in Country and Western Music
50%
Album1962Modern Sounds in Country and Western Music Volume Two
50%
Album1959Ray Charles at Newport
50%
Collaborative Posthumous Album2006Ray Sings, Basie Swings
50%
Collaborative Album1961Soul Meeting
50%
Album1971Volcanic Action of My Soul
50%
Album1983Wish You Were Here Tonight
50%
Album1972A Message From the People
33%
Album1963Ingredients in a Recipe for Soul
33%
Collaborative Album1961Ray Charles and Betty Carter
33%
Album1960Ray Charles in Person
33%
Album1975Renaissance
33%
Album1959The Genius of Ray Charles
33%
Album1965Together Again
33%
Album1959What'd I Say
33%
Album1979Ain't It So
17%
Compilation1967A Man and His Soul
17%
Album1961Dedicated to You
17%
Album1964Have a Smile with Me
17%
Live Album1975Live in Japan
17%
Album1970Love Country Style
17%
Album1978Love & Peace
17%
Album1993My World
17%
Posthumous Remix Album2010Rare Genius: The Undiscovered Masters
17%
Album1964Sweet & Sour Tears
17%
Compilation1970The Best of Ray Charles
17%
Compilation1964The Ray Charles Story, Volume Four
17%
Compilation1962The Ray Charles Story, Volume One
17%
Compilation1963The Ray Charles Story, Volume Three
17%
Compilation1962The Ray Charles Story, Volume Two
17%
Holiday Album1985The Spirit of Christmas
17%
Compilation2000The Very Best of Ray Charles
17%
Album1977True to Life
17%
Compilation1971A 25th Anniversary in Show Business Salute to Ray Charles
0%
Compilation2017An Introduction To: Ray Charles
0%
Album1968A Portrait of Ray
0%
Live Album1996Berlin '62
0%
Album1974Come Live with Me
0%
Album1984Do I Every Cross Your Mind
0%
Album1969Doing His Thing
0%
Compilation1961Do the Twist! with Ray Charles
0%
Album1986From the Pages of My Mind
0%
Compilation1997Genius and Soul: The 50th Anniversary Collection
0%
Collaborative Posthumous Album2005Genius & Friends
0%
Album1968I'm All Yours Baby!
0%
Compilation1995Jazz & Blues 3
0%
Album1972Jazz Number II
0%
Album1988Just Between Us
0%
Live Album2004Live at the Olympia, 2000
0%
Live Album1965Live in Concert
0%
Album1970My Kind of Jazz
0%
Album1975My Kind of Jazz Part 3
0%
Collaborative Album1976Porgy and Bess
0%
Compilation2005Pure Genius: The Complete Atlantic Recordings (1952-1959)
0%
Compilation1988Ray Charles Anthology
0%
Holiday Album2004Ray Charles Celebrates a Gospel Christmas With the Voices of Jubilation
0%
Compilation1962Ray Charles Greatest Hits
0%
Compilation1987Ray Charles - His Greatest Hits, Volume 1/Volume 2
0%
Live Compilation2003Ray Charles in Concert
0%
Album1966Ray's Moods
0%
Compilation1989Seven Spanish Angels and Other Hits
0%
Compilation2011Singular Genius: The Complete ABC Singles
0%
Album1996Strong Love Affair
0%
Album2002Thanks for Bridging Love Around Again
0%
Compilation1991The Birth of Soul
0%
Compilation1998The Complete Country & Western Recordings (1959-1986)
0%
Compilation2011The Complete Early Recordings (1949-1952)
0%
Compilation1997The Complete Swing Time & Down Beat Recordings (1949-1952)
0%
Compilation2001The Definitive Ray Charles
0%
Album1961The Genius After Hours
0%
Album1961The Genius Sings the Blues
0%
Album1978The Tender Side of Ray Charles
0%
Album1972Through the Eyes of Love
0%
Compilation1999Ultimate Hits Collection
0%
Album1990Would You Believe
0%

Score Distribution

Percentile by Number Answered

Percent of People with Each Score

Your Score History

You have not taken this quiz